00567nam a2200169Ia 4500008004100000100002400041245007700065245002400142260005900166260000900225300001200234650001800246650001500264856002600279999001900305952007300324170221s9999 xx 000 0 und d aKristen Alley Swain aDelivering the Scary News: Newspaper Sourcing in a Bioterrorism Crisis  cKristen Alley Swain bOnline Journal of Communication and Media Technologies c2013 a33 : 12 xCommunication xMedia Arts uhttp://www.ojcmt.net/ c311107d311107 001040aCLbCLd2017-02-21l0r2017-02-21 00:00:00w2017-02-21yFOJ